[Event "AUT-ch Seniors 65"]
[Site "Vienna"]
[Date "2023.05.20"]
[Round "6"]
[White "Gaspar, Zdravko"]
[Black "Gockner, Hans"]
[Result "0-1"]
[WhiteElo "1495"]
[BlackElo "1540"]
[PlyCount "70"]
[EventDate "2023.05.15"]
[EventType "swiss"]
[EventRounds "7"]
[EventCountry "AUT"]
[SourceTitle "CBM 214 Extra"]
[Source "ChessBase"]
[SourceDate "2023.07.31"]
[SourceVersion "1"]
[SourceVersionDate "2023.07.31"]
[SourceQuality "1"]

1. d4 Nf6 2. Nf3 d6 3. b3 g6 4. Bb2 Bg7 5. e3 0-0 6. c4 Bg4 7. h3 Bf5 8. Nc3 Qc8 9. Bd3 Nc6 10. Qb1 Bxd3 11. Qxd3 a6 12. 0-0 Nb4 13. Qb1 b5 14. a3 Nc6 15. cxb5 axb5 16. Nxb5 Rb8 17. a4 Nd5 18. Rc1 Qd7 19. Qd3 e5 20. e4 Nf4 21. Qd2 Bh6 22. Kh1 Kg7 23. Qd1 Nxh3 24. Rc2 Nb4 25. Rxc7 Qg4 26. gxh3 Qxh3+ 27. Kg1 Bf4 28. dxe5 Qg4+ 29. Kf1 Kg8 30. exd6 Rbe8 31. Qd4 f6 32. Qc4+ Re6 33. Qe2 Qh3+ 34. Ke1 Qh1+ 35. Qf1 Rxe4+ 0-1

[Event "Vienna State-chC"]
[Site "Vienna"]
[Date "2022.09.21"]
[Round "5"]
[White "Gaspar, Zdravko"]
[Black "Gockner, Hans"]
[Result "1-0"]
[WhiteElo "1538"]
[BlackElo "1592"]
[PlyCount "78"]
[EventDate "2022.09.17"]
[EventType "swiss"]
[EventRounds "9"]
[EventCountry "AUT"]
[SourceTitle "CBM 210 Extra"]
[Source "ChessBase"]
[SourceDate "2022.11.30"]
[SourceVersion "1"]
[SourceVersionDate "2022.11.30"]
[SourceQuality "1"]

1. d4 d5 2. Nf3 Nf6 3. e3 Bg4 4. Be2 e6 5. 0-0 Bd6 6. Nbd2 0-0 7. c3 Nbd7 8. b3 c6 9. Bb2 Qb8 10. h3 Bh5 11. Rc1 Ne4 12. Nxe4 dxe4 13. Nd2 Bxe2 14. Qxe2 Nf6 15. c4 e5 16. Rfd1 Re8 17. Nf1 h6 18. Qc2 exd4 19. Bxd4 Be5 20. Bc5 Nh7 21. Kh1 b6 22. Ba3 Ng5 23. Rd7 c5 24. Rcd1 Bc7 25. Bb2 Qb7 26. R1d5 Qc6 27. Qd1 Rad8 28. Rxd8 Bxd8 29. Rxd8 Qe6 30. Rxe8+ Qxe8 31. Qd5 Qc8 32. h4 Nh3 33. gxh3 Qxh3+ 34. Nh2 Qxh4 35. Qd2 Qh3 36. Qe1 Qh5 37. Qg1 g6 38. Qg4 Qf5 39. Qg3 g5 1-0

[Event "Niederoesterreich-ch Seniors op"]
[Site "Spitz in der Wachau"]
[Date "2020.10.13"]
[Round "3"]
[White "Dobersberger, Werner"]
[Black "Gaspar, Zdravko"]
[Result "1-0"]
[WhiteElo "1856"]
[BlackElo "1604"]
[PlyCount "58"]
[EventDate "2020.10.11"]
[EventType "swiss"]
[EventRounds "7"]
[EventCountry "AUT"]
[SourceTitle "CBM 198 Extra"]
[Source "ChessBase"]
[SourceDate "2020.11.30"]
[SourceVersion "1"]
[SourceVersionDate "2020.11.30"]
[SourceQuality "1"]

1. d4 d5 2. c4 c6 3. Nc3 Nf6 4. Nf3 dxc4 5. a4 Bf5 6. Nh4 Be4 7. f3 Bg6 8. e4 e6 9. Bxc4 Nxe4 10. Nxg6 Nxc3 11. bxc3 hxg6 12. Bf4 Bd6 13. Bxd6 Qxd6 14. h3 Qg3+ 15. Kf1 Nd7 16. Qb3 Qd6 17. Re1 0-0-0 18. a5 g5 19. Rb1 b6 20. axb6 axb6 21. Qa2 Qb8 22. Ba6+ Kc7 23. Qd2 f6 24. Kf2 Kd6 25. Rhe1 Ke7 26. Bc4 Ne5 27. Qe2 b5 28. dxe5 f5 29. g4 f4 1-0

[Event "Niederoesterreich-ch Seniors op"]
[Site "Spitz in der Wachau"]
[Date "2020.10.12"]
[Round "2"]
[White "Gaspar, Zdravko"]
[Black "Singer, Hans"]
[Result "0-1"]
[WhiteElo "1604"]
[BlackElo "2155"]
[PlyCount "104"]
[EventDate "2020.10.11"]
[EventType "swiss"]
[EventRounds "7"]
[EventCountry "AUT"]
[SourceTitle "CBM 198 Extra"]
[Source "ChessBase"]
[SourceDate "2020.11.30"]
[SourceVersion "1"]
[SourceVersionDate "2020.11.30"]
[SourceQuality "1"]

1. d4 Nf6 2. Nf3 g6 3. e3 Bg7 4. Be2 0-0 5. 0-0 d6 6. c4 Nbd7 7. b3 b6 8. Bb2 Bb7 9. Nbd2 e5 10. dxe5 Ng4 11. Qc2 Ngxe5 12. Rad1 Qe7 13. h3 f5 14. Rfe1 Rae8 15. b4 a5 16. a3 Ra8 17. Qb3 Kh8 18. Nd4 Rfe8 19. N4f3 Nxf3+ 20. Bxf3 Bxf3 21. Bxg7+ Qxg7 22. Nxf3 axb4 23. axb4 Ne5 24. Nxe5 Rxe5 25. Rd2 Rae8 26. Rde2 Qf6 27. f3 Kg7 28. Qc3 R5e7 29. Qxf6+ Kxf6 30. h4 Ra8 31. Kf2 Ra4 32. Rb1 Re8 33. Rc2 Rb8 34. Rcb2 Ke6 35. c5 bxc5 36. bxc5 Rxb2+ 37. Rxb2 dxc5 38. g3 c4 39. Ke2 Ra3 40. Rc2 Kd5 41. Kd2 Kc5 42. Rc3 Ra2+ 43. Rc2 Rxc2+ 44. Kxc2 Kb4 45. g4 fxg4 46. fxg4 Kc5 47. h5 g5 48. h6 Kd5 49. Kc3 Ke4 50. Kxc4 Kxe3 51. Kd5 Kf4 52. Ke6 c5 0-1

[Event "North Austria-ch Seniors 65"]
[Site "Spitz am Donau"]
[Date "2018.10.13"]
[Round "7.10"]
[White "Aziz, Samir"]
[Black "Gaspar, Zdravko"]
[Result "0-1"]
[WhiteElo "1563"]
[BlackElo "1687"]
[PlyCount "160"]
[EventDate "2018.10.07"]
[EventType "swiss"]
[EventRounds "7"]
[EventCountry "AUT"]
[SourceTitle "EXT 2024"]
[Source "ChessBase"]
[SourceDate "2023.10.10"]
[SourceVersion "1"]
[SourceVersionDate "2023.10.10"]
[SourceQuality "1"]

1. Nf3 d5 2. g3 c6 3. Bg2 Nf6 4. d3 Bf5 5. 0-0 Nbd7 6. Nbd2 Qc7 7. Nh4 Be6 8. e4 Bg4 9. Qe1 e6 10. exd5 cxd5 11. h3 Bh5 12. c3 Be7 13. Nb3 Rc8 14. Bf4 Bd6 15. Bxd6 Qxd6 16. g4 Bg6 17. Nxg6 hxg6 18. Qe3 Nxg4 19. Qg3 Qxg3 20. fxg3 Ngf6 21. d4 0-0 22. Nd2 b5 23. a3 Nb6 24. Rab1 Rc7 25. Rfc1 Rfc8 26. Nb3 Nfd7 27. Nd2 a6 28. Kf2 Nf6 29. g4 Nc4 30. Nb3 Nd7 31. Ke1 a5 32. Bf1 a4 33. Nd2 Ndb6 34. Nxc4 bxc4 35. Be2 g5 36. Kd2 Ra7 37. Rf1 Rcc7 38. Kc2 Nc8 39. Bf3 Nd6 40. Rh1 g6 41. h4 gxh4 42. Rxh4 Kf8 43. Rh8+ Ke7 44. Re1 Ra5 45. Kc1 Rc8 46. Rxc8 Nxc8 47. Rh1 Nd6 48. Rh7 Kf6 49. Rh2 Kg5 50. Kd2 f5 51. gxf5 gxf5 52. Ke3 Ra6 53. Rh5+ Kg6 54. Kf4 Rb6 55. Rg5+ Kf6 56. Rg2 Nf7 57. Bd1 Ra6 58. Rg8 Rb6 59. Rg2 Ra6 60. Bh5 Ra7 61. Bd1 e5+ 62. dxe5+ Nxe5 63. Bc2 Ng6+ 64. Ke3 Ra5 65. Kd4 Ne7 66. Rf2 Nc6+ 67. Ke3 Ne7 68. Kd4 Ke6 69. Re2+ Kd6 70. Rf2 Ke6 71. Re2+ Kf6 72. Rh2 Nc6+ 73. Ke3 Ke5 74. Rh5 d4+ 75. cxd4+ Nxd4 76. Bd1 Rb5 77. Rh2 Rb3+ 78. Kf2 Rxb2+ 79. Kg3 Rb1 80. Ra2 c3 0-1

[Event "North Austria-ch Seniors 65"]
[Site "Spitz am Donau"]
[Date "2018.10.09"]
[Round "3.7"]
[White "Gaspar, Zdravko"]
[Black "Pfitzer, Norbert"]
[Result "0-1"]
[WhiteElo "1687"]
[BlackElo "2093"]
[PlyCount "131"]
[EventDate "2018.10.07"]
[EventType "swiss"]
[EventRounds "7"]
[EventCountry "AUT"]
[SourceTitle "EXT 2024"]
[Source "ChessBase"]
[SourceDate "2023.10.10"]
[SourceVersion "1"]
[SourceVersionDate "2023.10.10"]
[SourceQuality "1"]

1. d4 Nf6 2. Nf3 g6 3. e3 Bg7 4. Be2 c5 5. dxc5 Qa5+ 6. Nbd2 0-0 7. 0-0 Qxc5 8. Nb3 Qc7 9. Bd2 Ne4 10. Rb1 Nxd2 11. Qxd2 Nc6 12. a3 d6 13. c4 Rd8 14. Rfc1 Bf5 15. Bd3 Bxd3 16. Qxd3 Rac8 17. Nbd4 Ne5 18. Qe2 d5 19. c5 Nc4 20. b3 Ne5 21. Nxe5 Bxe5 22. Nf3 Bf6 23. b4 Qd7 24. Rd1 Qa4 25. Qa2 e6 26. Qb3 Qxb3 27. Rxb3 b6 28. cxb6 axb6 29. g3 Rc2 30. Ne1 Rc4 31. Kf1 Kf8 32. Ke2 Ke7 33. Nd3 Rdc8 34. Rd2 Rc2 35. Kd1 R2c3 36. Rxc3 Rxc3 37. a4 Ra3 38. a5 bxa5 39. bxa5 Rxa5 40. Nb4 Kd6 41. Rc2 Rc5 42. Ra2 Rc7 43. Nd3 h5 44. Ra6+ Ke7 45. Ke2 Bc3 46. h4 e5 47. Ra2 f6 48. Ra8 Kf7 49. Ra2 Ke6 50. Rc2 Ba5 51. Ra2 Bb6 52. Kd2 Kf5 53. f3 Ra7 54. Rxa7 Bxa7 55. Nf2 e4 56. g4+ hxg4 57. fxg4+ Ke6 58. h5 gxh5 59. gxh5 f5 60. Nh3 d4 61. Nf4+ Kf6 62. h6 dxe3+ 63. Ke2 Kf7 64. Nd5 Bc5 65. Nf4 Bd6 66. Nh5 0-1

[Event "North Austria-ch Seniors 65"]
[Site "Spitz am Donau"]
[Date "2017.10.14"]
[Round "7"]
[White "Fichtinger, Karl"]
[Black "Gaspar, Zdravko"]
[Result "0-1"]
[WhiteElo "1554"]
[BlackElo "1697"]
[PlyCount "140"]
[EventDate "2017.10.08"]
[EventType "swiss"]
[EventRounds "7"]
[EventCountry "AUT"]
[SourceTitle "CBM 181 Extra"]
[Source "ChessBase"]
[SourceDate "2017.12.12"]
[SourceVersion "1"]
[SourceVersionDate "2017.12.12"]
[SourceQuality "1"]

1. e4 c6 2. d4 d5 3. e5 Bf5 4. a4 e6 5. Nf3 Ne7 6. Bg5 h6 7. Bh4 Qb6 8. b3 Ng6 9. Bg3 Qa5+ 10. Nbd2 Qc3 11. Ra2 Be4 12. Be2 Bxf3 13. Bxf3 Qxd4 14. 0-0 Nxe5 15. Be2 Bb4 16. Bxe5 Qxe5 17. Nf3 Qf6 18. c4 0-0 19. Nd4 Rd8 20. c5 Bxc5 21. Nf3 Nd7 22. Qd2 a5 23. Bd3 e5 24. Bb1 e4 25. Ne1 Ne5 26. Qc2 Bb6 27. Kh1 Ng4 28. Kg1 Re8 29. h3 Ne5 30. Kh2 Qf4+ 31. g3 Nf3+ 32. Kg2 Nxe1+ 33. Rxe1 Qf3+ 34. Kh2 Bxf2 35. Qxf2 Qxf2+ 36. Rxf2 e3 37. Rfe2 d4 38. Kg2 g6 39. Bd3 Kg7 40. Rf1 Re5 41. Bc4 f6 42. Bd3 Rf8 43. Rf4 c5 44. Rf1 f5 45. h4 g5 46. hxg5 hxg5 47. Rh1 Rh8 48. Rf1 Kf6 49. Ree1 Ke6 50. Rf3 Rf8 51. Rff1 f4 52. g4 Kd6 53. Kf3 Rh8 54. Rh1 Rxh1 55. Rxh1 e2 56. Rh6+ Kc7 57. Bxe2 Re3+ 58. Kf2 Rxb3 59. Rg6 d3 60. Bd1 Rb1 61. Ke1 f3 62. Rf6 c4 63. Rxf3 Kd6 64. Rf6+ Ke5 65. Rf5+ Kd4 66. Rxg5 c3 67. Rg7 c2 68. Rd7+ Ke3 69. Re7+ Kf4 70. Rf7+ Kg5 0-1

[Event "North Austria-ch Seniors 65"]
[Site "Spitz am Donau"]
[Date "2017.10.09"]
[Round "2"]
[White "Schwarzmeier, Christine"]
[Black "Gaspar, Zdravko"]
[Result "0-1"]
[WhiteElo "1029"]
[BlackElo "1697"]
[PlyCount "81"]
[EventDate "2017.10.08"]
[EventType "swiss"]
[EventRounds "7"]
[EventCountry "AUT"]
[SourceTitle "CBM 181 Extra"]
[Source "ChessBase"]
[SourceDate "2017.12.12"]
[SourceVersion "1"]
[SourceVersionDate "2017.12.12"]
[SourceQuality "1"]

1. e4 c6 2. d4 d5 3. e5 Bf5 4. Bd3 Bxd3 5. Qxd3 e6 6. Nf3 Qa5+ 7. Bd2 Qa6 8. Qxa6 Nxa6 9. 0-0 c5 10. c3 Ne7 11. Be3 Ng6 12. Nbd2 Be7 13. Nb3 b6 14. dxc5 bxc5 15. Nbd2 0-0 16. b3 Rfc8 17. Rfc1 Rc7 18. Nf1 Rac8 19. c4 d4 20. Bd2 Nb8 21. Ba5 Rc6 22. g3 Nd7 23. Bd2 Ndxe5 24. Nxe5 Nxe5 25. Kg2 Bd8 26. Bf4 Nd3 27. Rd1 Nxf4+ 28. gxf4 a5 29. a4 Bc7 30. Kf3 f6 31. Ng3 Rb6 32. Rab1 Rcb8 33. Rd3 Kf7 34. Ne4 Bd6 35. Nxd6+ Rxd6 36. h3 g6 37. Kg2 Rb4 38. h4 Rdb6 39. f3 Rxc4 40. bxc4 Rxb1 41. Rd2 0-1

[Event "Sarajevo Bosna op 47th"]
[Site "Sarajevo"]
[Date "2017.05.13"]
[Round "1"]
[White "Sukovic, Andrej"]
[Black "Gaspar, Zdravko"]
[Result "1-0"]
[WhiteElo "2236"]
[BlackElo "1689"]
[PlyCount "99"]
[EventDate "2017.05.13"]
[EventType "swiss"]
[EventRounds "9"]
[EventCountry "BIH"]
[SourceTitle "CBM 178 Extra"]
[Source "ChessBase"]
[SourceDate "2017.06.22"]
[SourceVersion "1"]
[SourceVersionDate "2017.06.22"]
[SourceQuality "1"]

1. e4 c6 2. Nc3 d5 3. Nf3 Bg4 4. h3 Bxf3 5. Qxf3 dxe4 6. Nxe4 e6 7. Bc4 Nd7 8. 0-0 Ne5 9. Qe2 Nxc4 10. Qxc4 Nf6 11. d3 Be7 12. a4 Qd5 13. Nxf6+ Bxf6 14. Qb4 Qd7 15. a5 Be7 16. Qg4 0-0 17. Bd2 Bf6 18. Bc3 Bxc3 19. bxc3 b6 20. Rfb1 b5 21. a6 Rab8 22. c4 c5 23. cxb5 Rxb5 24. Qf4 Qc6 25. Rxb5 Qxb5 26. Qc7 Qb8 27. Qb7 g6 28. Rb1 Qxb7 29. Rxb7 Ra8 30. Rc7 Kg7 31. Rxc5 Rb8 32. Rc7 Rb1+ 33. Kh2 Ra1 34. Rxa7 Kf6 35. d4 Ra4 36. Kg3 Rc4 37. Rb7 Rxc2 38. a7 Ra2 39. Kf3 g5 40. h4 h6 41. h5 Ra4 42. Ke3 Ra3+ 43. Kd2 g4 44. Ke2 Kg5 45. Rxf7 Kxh5 46. Rg7 Ra5 47. Kd3 g3 48. fxg3 e5 49. g4+ Kh4 50. dxe5 1-0

[Event "Vienna Kavalier op 6th"]
[Site "Vienna"]
[Date "2011.10.31"]
[Round "6"]
[White "Gaspar, Zdravko"]
[Black "Haslinger, Ewald"]
[Result "0-1"]
[WhiteElo "1805"]
[BlackElo "1713"]
[PlyCount "152"]
[EventDate "2011.10.24"]
[EventType "swiss"]
[EventRounds "7"]
[EventCountry "AUT"]
[SourceTitle "EXT 2012"]
[Source "ChessBase"]
[SourceDate "2011.11.24"]
[SourceVersion "1"]
[SourceVersionDate "2011.11.24"]
[SourceQuality "1"]

1. d4 Nf6 2. Nf3 g6 3. e3 Bg7 4. Be2 0-0 5. 0-0 d6 6. b3 c5 7. Bb2 Nc6 8. d5 Nb4 9. c4 Bf5 10. Ne1 a5 11. a3 Na6 12. Bd3 Bd7 13. e4 Nc7 14. Qe2 e5 15. f4 Nfe8 16. fxe5 Bxe5 17. Bxe5 dxe5 18. Nc3 Nd6 19. Qf2 f5 20. Qxc5 Rf6 21. Nf3 Na6 22. Qf2 Nf7 23. c5 b6 24. Bxa6 Rxa6 25. c6 Bxc6 26. dxc6 Rxc6 27. Nd5 fxe4 28. Nh4 Qxd5 29. Rad1 Qc5 30. Qxc5 bxc5 31. g3 Rd6 32. Rc1 Rac6 33. b4 cxb4 34. axb4 axb4 35. Rb1 Rb6 36. Rb3 Rd3 37. Rfb1 Rxb3 38. Rxb3 Nd6 39. Ng2 Nc4 40. Kf2 Kf7 41. Ke2 Ke6 42. Kd1 Kd5 43. Kc2 Kd4 44. h3 Ra6 45. Ne1 Ra3 46. Rxb4 Rxg3 47. h4 Rh3 48. Kc1 Rxh4 49. Rb8 Rh1 50. Kd1 e3 51. Ke2 Ke4 52. Rb4 Rh2+ 53. Kf1 Rf2+ 54. Kg1 Kd4 55. Ng2 Rb2 56. Ra4 Kd3 57. Ne1+ Ke2 58. Ng2 Nd2 59. Kh2 Kf2 60. Ra5 Nf3+ 61. Kh3 e2 62. Ra3 e1N 63. Ne3 Rb4 64. Ng4+ Ke2 65. Kg3 e4 66. Re3+ Kd2 67. Ra3 Nc2 68. Ra2 Nfd4 69. Kf2 Rb3 70. Ne5 e3+ 71. Kg2 e2 72. Ng4 e1N+ 73. Kh1 h5 74. Nh2 Rh3 75. Rb2 Ndf3 76. Rxc2+ Nxc2 0-1

[Event "Vienna State-chC"]
[Site "Vienna"]
[Date "2011.09.11"]
[Round "2"]
[White "Gaspar, Zdravko"]
[Black "Schmall, Wilhelm"]
[Result "1-0"]
[WhiteElo "1805"]
[BlackElo "1556"]
[PlyCount "49"]
[EventDate "2011.09.10"]
[EventType "swiss"]
[EventRounds "9"]
[EventCountry "AUT"]
[SourceTitle "EXT 2013"]
[Source "ChessBase"]
[SourceDate "2012.11.22"]
[SourceVersion "1"]
[SourceVersionDate "2012.11.22"]
[SourceQuality "1"]

1. d4 Nf6 2. Nf3 d5 3. e3 Bg4 4. h3 Bh5 5. g4 Bg6 6. Bg2 e6 7. Ne5 Nfd7 8. Nxg6 fxg6 9. c4 Bb4+ 10. Nd2 c6 11. Qb3 a5 12. a3 Bxd2+ 13. Bxd2 b6 14. cxd5 cxd5 15. Rc1 0-0 16. Bxd5 exd5 17. Qxd5+ Kh8 18. Qxa8 Qf6 19. 0-0 h5 20. Qg2 hxg4 21. hxg4 Qe6 22. Rc7 Nf6 23. Bc3 Nd5 24. Rb7 Qc6 25. Qh2+ 1-0

[Event "Vienna Tschaturanga op"]
[Site "Vienna"]
[Date "2011.05.22"]
[Round "9"]
[White "Gaspar, Zdravko"]
[Black "Kassel, Walter"]
[Result "0-1"]
[WhiteElo "1791"]
[BlackElo "1942"]
[PlyCount "58"]
[EventDate "2011.05.14"]
[EventType "swiss"]
[EventRounds "9"]
[EventCountry "AUT"]
[SourceTitle "CBM 142 Extra"]
[Source "ChessBase"]
[SourceDate "2011.06.27"]
[SourceVersion "1"]
[SourceVersionDate "2011.06.27"]
[SourceQuality "1"]

1. d4 Nf6 2. Nf3 b6 3. e3 Bb7 4. Bd3 e6 5. Nbd2 Be7 6. 0-0 0-0 7. Qe2 d6 8. Ng5 Nbd7 9. Nge4 Nxe4 10. Nxe4 f5 11. Nd2 Nf6 12. c3 Qe8 13. Bc4 d5 14. Bd3 g5 15. Re1 Bd6 16. Nf1 g4 17. f4 gxf3 18. Qxf3 Kh8 19. Re2 Ng4 20. Bd2 Rg8 21. h3 Nf6 22. Be1 Ne4 23. Bxe4 dxe4 24. Qf2 Qh5 25. Kh1 Rg6 26. Rc2 Rg5 27. Qe2 Qh6 28. Nd2 Rag8 29. Nc4 Qxh3+ 0-1

[Event "Vienna Tschaturanga op"]
[Site "Vienna"]
[Date "2011.05.19"]
[Round "5"]
[White "Kottisch, Gustav"]
[Black "Gaspar, Zdravko"]
[Result "0-1"]
[WhiteElo "1983"]
[BlackElo "1791"]
[PlyCount "57"]
[EventDate "2011.05.14"]
[EventType "swiss"]
[EventRounds "9"]
[EventCountry "AUT"]
[SourceTitle "CBM 142 Extra"]
[Source "ChessBase"]
[SourceDate "2011.06.27"]
[SourceVersion "1"]
[SourceVersionDate "2011.06.27"]
[SourceQuality "1"]

1. d4 d5 2. c4 c6 3. Nc3 Nf6 4. Bg5 Ne4 5. Bf4 Bf5 6. cxd5 Nxc3 7. bxc3 cxd5 8. Qb3 Qc8 9. e3 a6 10. Nf3 e6 11. Rc1 b5 12. Be2 Nc6 13. 0-0 Na5 14. Qd1 Ba3 15. Nh4 Bxc1 16. Nxf5 exf5 17. Qxc1 0-0 18. Bd3 Nc4 19. Qc2 g6 20. f3 f6 21. g4 Rf7 22. Qf2 fxg4 23. fxg4 Qxg4+ 24. Kh1 Qe6 25. Rg1 f5 26. h4 Kf8 27. Qg3 Ke8 28. Bxc4 bxc4 29. Rb1 0-1

[Event "Vienna Tschaturanga op"]
[Site "Vienna"]
[Date "2011.05.14"]
[Round "1"]
[White "Kleiser, Gregor"]
[Black "Gaspar, Zdravko"]
[Result "1-0"]
[WhiteElo "2246"]
[BlackElo "1791"]
[PlyCount "59"]
[EventDate "2011.05.14"]
[EventType "swiss"]
[EventRounds "9"]
[EventCountry "AUT"]
[SourceTitle "CBM 142 Extra"]
[Source "ChessBase"]
[SourceDate "2011.06.27"]
[SourceVersion "1"]
[SourceVersionDate "2011.06.27"]
[SourceQuality "1"]

1. d4 d5 2. c4 c6 3. cxd5 cxd5 4. Bf4 Nc6 5. Nc3 Nf6 6. Rc1 Bf5 7. e3 e6 8. Bb5 Bd6 9. Qa4 Rc8 10. Bxd6 Qxd6 11. Qxa7 Rb8 12. Qc5 Qxc5 13. dxc5 0-0 14. Nf3 Nd7 15. Nd4 Bg6 16. 0-0 Nde5 17. Rfd1 Nb4 18. f4 Ng4 19. a3 Nc6 20. Re1 Na7 21. Bf1 Rfc8 22. f5 exf5 23. Nxd5 Re8 24. Nf3 f6 25. h3 Ne5 26. Nxe5 fxe5 27. b4 e4 28. Red1 Bf7 29. Rd2 Kf8 30. Rcd1 1-0